Bioremediation of petroleum hydrocarbons in cold regions / (Record no. 11356)
[ view plain ]
| 000 -LEADER | |
|---|---|
| fixed length control field | 01690cam a22003857a 4500 |
| 001 - CONTROL NUMBER | |
| control field | 15291166 |
| 005 - DATE AND TIME OF LATEST TRANSACTION | |
| control field | 20080603104729.0 |
| 008 - FIXED-LENGTH DATA ELEMENTS--GENERAL INFORMATION | |
| fixed length control field | 080506s2008 enka b 001 0 eng |
| 010 ## - LIBRARY OF CONGRESS CONTROL NUMBER | |
| LC control number | 2008273407 |
| 015 ## - NATIONAL BIBLIOGRAPHY NUMBER | |
| National bibliography number | GBA788274 |
| Source | bnb |
| 016 7# - NATIONAL BIBLIOGRAPHIC AGENCY CONTROL NUMBER | |
| Record control number | 014235296 |
| Source | Uk |
| 020 ## - INTERNATIONAL STANDARD BOOK NUMBER | |
| International Standard Book Number | 9780521869706 |
| 020 ## - INTERNATIONAL STANDARD BOOK NUMBER | |
| International Standard Book Number | 0521869706 |
| 035 ## - SYSTEM CONTROL NUMBER | |
| System control number | (OCoLC)ocn166357725 |
| 040 ## - CATALOGING SOURCE | |
| Original cataloging agency | UKM |
| Transcribing agency | UKM |
| Modifying agency | BTCTA |
| -- | YDXCP |
| -- | BAKER |
| -- | AGL |
| -- | DLC |
| 042 ## - AUTHENTICATION CODE | |
| Authentication code | ukblcatcopy |
| -- | lccopycat |
| 050 00 - LIBRARY OF CONGRESS CALL NUMBER | |
| Classification number | TD196.P4 |
| Item number | B52 2008 |
| 082 04 - DEWEY DECIMAL CLASSIFICATION NUMBER | |
| Classification number | 628.520911 |
| Edition number | 22 |
| Item number | BIO |
| 245 00 - TITLE STATEMENT | |
| Title | Bioremediation of petroleum hydrocarbons in cold regions / |
| Statement of responsibility, etc | edited by Dennis M. Filler, Ian Snape and David L. Barnes. |
| 260 ## - PUBLICATION, DISTRIBUTION, ETC. (IMPRINT) | |
| Place of publication, distribution, etc | Cambridge ; |
| -- | New York : |
| Name of publisher, distributor, etc | Cambridge University Press, |
| Date of publication, distribution, etc | c.2008. |
| 300 ## - PHYSICAL DESCRIPTION | |
| Extent | xxiv, 273 p. : |
| Other physical details | ill. ; |
| Dimensions | 26 cm. |
| 500 ## - GENERAL NOTE | |
| General note | Includes Index. |
| 504 ## - BIBLIOGRAPHY, ETC. NOTE | |
| Bibliography, etc | Includes bibliographical references and index. |
| 650 #0 - SUBJECT ADDED ENTRY--TOPICAL TERM | |
| Topical term or geographic name as entry element | Petroleum chemicals |
| General subdivision | Environmental aspects |
| Geographic subdivision | Cold regions. |
| 9 (RLIN) | 3950 |
| 650 #0 - SUBJECT ADDED ENTRY--TOPICAL TERM | |
| Topical term or geographic name as entry element | Bioremediation |
| Geographic subdivision | Cold regions. |
| 9 (RLIN) | 3951 |
| 700 1# - ADDED ENTRY--PERSONAL NAME | |
| Personal name | Filler, Dennis M. |
| 9 (RLIN) | 3952 |
| 700 1# - ADDED ENTRY--PERSONAL NAME | |
| Personal name | Snape, Ian. |
| 9 (RLIN) | 3953 |
| 700 1# - ADDED ENTRY--PERSONAL NAME | |
| Personal name | Barnes, David L. |
| 9 (RLIN) | 3954 |
| 856 42 - ELECTRONIC LOCATION AND ACCESS | |
| Materials specified | Contributor biographical information |
| Uniform Resource Identifier | <a href="http://www.loc.gov/catdir/enhancements/fy0834/2008273407-b.html">http://www.loc.gov/catdir/enhancements/fy0834/2008273407-b.html</a> |
| 856 42 - ELECTRONIC LOCATION AND ACCESS | |
| Materials specified | Publisher description |
| Uniform Resource Identifier | <a href="http://www.loc.gov/catdir/enhancements/fy0834/2008273407-d.html">http://www.loc.gov/catdir/enhancements/fy0834/2008273407-d.html</a> |
| 856 41 - ELECTRONIC LOCATION AND ACCESS | |
| Materials specified | Table of contents only |
| Uniform Resource Identifier | <a href="http://www.loc.gov/catdir/enhancements/fy0834/2008273407-t.html">http://www.loc.gov/catdir/enhancements/fy0834/2008273407-t.html</a> |
| 942 ## - ADDED ENTRY ELEMENTS (KOHA) | |
| Source of classification or shelving scheme | Dewey Decimal Classification |
| Item type | Book - Borrowing |
| Withdrawn status | Item status | Source of classification or shelving scheme | Damaged status | Not for loan | Vendor | Home library | Current library | Shelving location | Date acquired | Source of acquisition | Cost, normal purchase price | Serial Enumeration / chronology | Total Checkouts | Full call number | Barcode | Date last seen | Koha item type |
|---|---|---|---|---|---|---|---|---|---|---|---|---|---|---|---|---|---|
| Dewey Decimal Classification | Baccah | Central Library | Central Library | First floor | 21/04/2009 | 676.00 | 7117 | 628.520911 BIO | 000016056 | 15/07/2025 | Book - Borrowing |